01220nam a2200313 a 4500001001100000003000800011006001900019007001500038008004100053010001700094020002200111040002100133035002000154050002600174082001500200245010300215260005400318300001600372504005300388533015200441650003000593650004700623655002900670700001900699700003100718710001700749856012500766999001500891ebr5001963CaPaEBRm u cr cn|||||||||911114s1992 enk sb 001 0 eng  z 91043167  z0415067685 (pbk.) aCaPaEBRcCaPaEBR a(OCoLC)5068600814aBF637.C6bM285 1992eb04a158/.322004aThe Making of a counsellorh[electronic resource] /cedited by Ellen Noonan and Laurence Spurling. aLondon ;aNew York :bTavistock/Routledge,c1992. axii, 211 p. aIncludes bibliographical references and indexes. aElectronic reproduction.bPalo Alto, Calif. :cebrary,d2013.nAvailable via World Wide Web.nAccess may be limited to ebrary affiliated libraries. 0aCounselingvCase studies. 0aPsychodynamic psychotherapyvCase studies. 7aElectronic books.2local1 aNoonan, Ellen.1 aSpurling, Laurence,d1950-2 aebrary, Inc.40uhttp://site.ebrary.com/lib/rucke/Doc?id=5001963zAn electronic book accessible through the World Wide Web; click to view c1662d1662